[Event "ASLK master tournament"]
[Site "Leuven"]
[Date "1998.02.20"]
[Round "1"]
[White "Geenen, Marc"]
[Black "Bunzmann, Dimitrij"]
[Result "0-1"]
[WhiteElo "2325"]
[BlackElo "2390"]
[WhiteTitle "FM"]
[Source "ChessBase"]
[EventDate "1998.02.20"]

1.e4 e6 2.d4 d5 3.Nd2 Nf6 4.e5 Nfd7 5.c3 c5 6.Bd3 Nc6 7.Ne2 cxd4 8.cxd4 f6
9.exf6 Qxf6 10.O-O Bd6 11.Nf3 h6 12.Be3 O-O 13.Rc1 e5 14.Qb3 Qf7 15.dxe5 
Ndxe5 16.Nxe5 Bxe5 17.Bb5 Bd7 18.f4 Bf6 19.Bxc6 bxc6 20.Nd4 Rab8 21.Qa3 
Rfe8 22.b4 Qe7 23.Nc2 Bf5 24.Bc5 Qe4 25.Qf3 a5 26.a3 axb4 27.axb4 Ra8 28.
Qxe4 Rxe4 29.Rcd1 Ra2 30.Nd4 Bg4 31.Rd3 Bxd4+ 32.Rxd4 Ree2 33.Rc1 Rxg2+ 
34.Kf1 Rxh2 35.Kg1 Bf3 0-1

[Event "ASLK master tournament"]
[Site "Leuven"]
[Date "1998.02.20"]
[Round "1"]
[White "Lane, Gary William"]
[Black "Claesen, Pieter"]
[Result "1/2-1/2"]
[WhiteElo "2400"]
[BlackElo "2430"]
[WhiteTitle "IM"]
[BlackTitle "IM"]
[Source "ChessBase"]
[EventDate "1998.02.20"]

1.e4 e6 2.d4 d5 3.Nd2 Nf6 4.e5 Nfd7 5.c3 c5 6.f4 Nc6 7.Ndf3 Qb6 8.h4 cxd4 
9.cxd4 Be7 10.h5 f6 11.Bd3 O-O 12.Bb1 Qb4+ 13.Ke2 Qb5+ 14.Bd3 Qb6 15.Bb1 
Qb5+ 1/2-1/2

[Event "ASLK master tournament"]
[Site "Leuven"]
[Date "1998.02.20"]
[Round "1"]
[White "van Haastert, Edwin"]
[Black "Ahn, Martin"]
[Result "0-1"]
[WhiteElo "2335"]
[BlackElo "2310"]
[WhiteTitle "FM"]
[BlackTitle "FM"]
[Source "ChessBase"]
[EventDate "1998.02.20"]

1.e4 c5 2.Nf3 d6 3.d4 cxd4 4.Nxd4 Nf6 5.f3 g6 6.Nc3 Bg7 7.Be3 O-O 8.Qd2 
Nc6 9.O-O-O d5 10.exd5 Nxd5 11.Nxc6 bxc6 12.Bd4 e5 13.Bc5 Be6 14.Ne4 Re8 
15.h4 h6 16.g4 Qc7 17.g5 h5 18.Bc4 Rad8 19.Qf2 Rd7 20.Rd2 Rb8 21.Ba3 Qb6 
22.Bb3 Qxf2 23.Nxf2 Rbd8 24.Ne4 Nf4 25.Rxd7 Rxd7 26.Nc5 Rd4 27.c3 Ne2+ 28.
Kb1 Bf5+ 29.Ka1 Rf4 30.Bd1 Ng3 31.Rh2 Nf1 32.Rh1 Ne3 33.Ba4 Rxa4 34.Nxa4 
Nc2+ 35.Kb1 Nxa3+ 36.Kc1 Nc4 37.Rd1 f6 38.Nc5 fxg5 39.hxg5 Bf8 40.Ne4 Bxe4
41.fxe4 Be7 0-1

[Event "ASLK master tournament"]
[Site "Leuven"]
[Date "1998.02.21"]
[Round "2"]
[White "Ahn, Martin"]
[Black "Geenen, Marc"]
[Result "0-1"]
[WhiteElo "2310"]
[BlackElo "2325"]
[WhiteTitle "FM"]
[BlackTitle "FM"]
[Source "ChessBase"]
[EventDate "1998.02.20"]

1.e4 e5 2.Nf3 Nc6 3.Nc3 Nf6 4.g3 Bc5 5.Bg2 d6 6.O-O Nd4 7.h3 Bd7 8.Nxd4 
Bxd4 9.Kh2 Qe7 10.d3 c6 11.f4 h5 12.Qf3 Bg4 13.fxe5 dxe5 0-1

[Event "ASLK master tournament"]
[Site "Leuven"]
[Date "1998.02.21"]
[Round "2"]
[White "Åkesson, Ralf"]
[Black "Vanderwaeren, Serge"]
[Result "1/2-1/2"]
[WhiteElo "2505"]
[BlackElo "2320"]
[WhiteTitle "GM"]
[BlackTitle "FM"]
[Source "ChessBase"]
[EventDate "1998.02.20"]

1.d4 e6 2.c4 c5 3.d5 exd5 4.cxd5 d6 5.Nc3 Be7 6.e4 Bf6 7.Nge2 Ne7 8.Ng3 
O-O 9.Nh5 Be5 10.f4 Bd4 11.Nb5 Qa5+ 12.Bd2 Qb6 13.Bc4 Nd7 14.a4 a5 15.Ra3 
Ng6 16.Rb3 Qd8 17.Nxd4 cxd4 18.Rd3 Qb6 19.O-O Nc5 20.Rxd4 Nxa4 21.Be3 Nxb2
22.Qc1 Bg4 23.Rf2 Nxc4 24.Rxc4 Qb3 25.Rb2 Qd3 26.Ng3 Rfc8 27.Rbc2 Rxc4 28.
Rxc4 a4 29.f5 Nf8 30.Rd4 Qb5 31.h3 Be2 32.Rd2 Bc4 33.Bd4 f6 34.Rc2 Rc8 35.
Qa3 Qa6 36.Rc3 b5 37.Qb4 Ra8 38.Ra3 Nd7 39.Nh5 Bb3 40.Nf4 Ne5 1/2-1/2

[Event "ASLK master tournament"]
[Site "Leuven"]
[Date "1998.02.21"]
[Round "2"]
[White "Claesen, Pieter"]
[Black "van Haastert, Edwin"]
[Result "1-0"]
[WhiteElo "2430"]
[BlackElo "2335"]
[WhiteTitle "IM"]
[BlackTitle "FM"]
[Source "ChessBase"]
[EventDate "1998.02.20"]

1.c4 g6 2.Nc3 Bg7 3.g3 Nf6 4.Bg2 O-O 5.e4 d6 6.Nge2 c6 7.O-O a6 8.d3 b5 9.
h3 e5 10.Be3 Bb7 11.Qb3 Qe7 12.Rfd1 h6 13.Rac1 bxc4 14.dxc4 c5 15.Qb6 Nc6 
16.Nd5 Nxd5 17.cxd5 Nd4 18.Nxd4 cxd4 19.Rc7 Qd8 20.Rxb7 dxe3 21.Qxe3 f5 
22.Rc1 f4 23.Qb6 fxg3 24.fxg3 h5 25.Qxd8 Raxd8 26.Rc6 Bh6 27.Rxa6 Be3+ 28.
Kh2 g5 29.Rc6 Rf2 30.Rcc7 Bd4 31.Rg7+ Kf8 32.Rh7 Kg8 33.Rbg7+ Kf8 34.Rxg5 
Rxb2 35.Rgxh5 1-0

[Event "ASLK master tournament"]
[Site "Leuven"]
[Date "1998.02.21"]
[Round "2"]
[White "Meessen, Rudolf"]
[Black "Bunzmann, Dimitrij"]
[Result "1/2-1/2"]
[WhiteElo "2310"]
[BlackElo "2390"]
[Source "ChessBase"]
[EventDate "1998.02.20"]

1.d4 e6 2.c4 b6 3.e4 Bb7 4.Bd3 f5 5.exf5 Bb4+ 6.Kf1 Nf6 7.Be2 Bd6 8.Bh5+ 
Kf8 9.fxe6 dxe6 10.Bf3 Nc6 11.Nc3 Qe8 12.Nge2 Rd8 13.Qa4 Kf7 14.Nb5 Rf8 
15.Nxd6+ cxd6 16.Bg5 Kg8 17.Re1 Qg6 18.h4 Ne4 19.Rh3 Na5 20.d5 Nxg5 21.
hxg5 exd5 22.cxd5 Qxg5 23.Qe4 h6 24.b4 Rde8 25.Qd3 Bc8 26.Rh5 Rxf3 27.Qxf3
Qd2 28.Qc3 Qxa2 29.Kg1 Qc4 30.Qxc4 Nxc4 31.Rh4 b5 32.f3 Bf5 33.Kf2 Nb2 34.
Nc1 Rc8 35.Rd4 Rc2+ 36.Kg3 Kf7 37.Re2 Rxc1 38.Rxb2 Kf6 39.Kf2 Ke5 40.Rdd2 
Rc4 41.Rb3 a6 42.g4 Bc8 43.Kg3 Bd7 44.Re3+ Kf6 45.Rde2 Rxb4 46.Re7 Bc8 47.
Rc7 Rc4 48.Ree7 a5 49.Rxg7 Ke5 50.Rxc4 bxc4 51.Rc7 Ba6 52.Ra7 Bb5 53.Rxa5 
c3 54.f4+ Kd4 55.Kh4 c2 56.Ra1 Be8 57.g5 hxg5+ 58.Kxg5 Bf7 59.Kf6 Bxd5 60.
Ke7 Kc3 1/2-1/2

[Event "ASLK master tournament"]
[Site "Leuven"]
[Date "1998.02.22"]
[Round "3"]
[White "Bunzmann, Dimitrij"]
[Black "Ahn, Martin"]
[Result "1-0"]
[WhiteElo "2390"]
[BlackElo "2310"]
[BlackTitle "FM"]
[Source "ChessBase"]
[EventDate "1998.02.20"]

1.d4 Nf6 2.Nf3 g6 3.g3 Bg7 4.Bg2 O-O 5.O-O c6 6.c4 d6 7.Nc3 Qa5 8.h3 Nbd7 
9.Qc2 e5 10.Rd1 Re8 11.e4 Qc7 12.Be3 exd4 13.Nxd4 a5 14.b3 Nc5 15.Re1 Bd7 
16.Rad1 Rad8 17.Bf4 Bc8 18.a3 Nh5 19.Bg5 Rd7 20.Be3 Rde7 21.g4 Nf6 22.Bf4 
Nfd7 23.Ndb5 cxb5 24.Bxd6 Qb6 25.Bxe7 Rxe7 26.Nd5 Qd8 27.Nxe7+ Qxe7 28.
cxb5 Nb6 29.e5 Be6 30.Rd6 Nbd7 31.b4 axb4 32.axb4 Nb3 33.Rb1 Nxe5 34.Rxe6 
Qxe6 35.Qxb3 Qxb3 36.Rxb3 b6 37.Ra3 Nc4 38.Ra8+ Bf8 39.Rb8 Kg7 40.Bd5 Ne5 
41.Rxb6 Bxb4 42.Ra6 Bc5 43.b6 Nd7 44.b7 Nb8 45.Ra4 h6 46.Rf4 f6 47.Kf1 Bd6
48.Rf3 Be5 49.h4 Kf8 50.Ke2 Ke7 51.Rd3 g5 52.hxg5 hxg5 53.Be4 Na6 54.Rd5 
Bc7 55.Bf5 Nb8 56.Kd3 Bb6 57.f3 Bf2 58.Kc4 Bg1 59.Rd1 Bf2 60.Kd5 Bg3 61.
Rc1 Na6 62.Rc8 Bf4 63.Rh8 Be5 64.Kc6 Nb8+ 65.Kb6 Bd4+ 66.Kc7 Be5+ 67.Kc8 
Nc6 68.Rh7+ Kf8 69.Rc7 Ne7+ 70.Kd7 1-0

[Event "ASLK master tournament"]
[Site "Leuven"]
[Date "1998.02.22"]
[Round "3"]
[White "Geenen, Marc"]
[Black "Claesen, Pieter"]
[Result "1/2-1/2"]
[WhiteElo "2325"]
[BlackElo "2430"]
[WhiteTitle "FM"]
[BlackTitle "IM"]
[Source "ChessBase"]
[EventDate "1998.02.20"]

1.e4 e6 2.d4 d5 3.Nd2 Nf6 4.e5 Nfd7 5.c3 c5 6.Bd3 Nc6 7.Ne2 cxd4 8.cxd4 f6
9.exf6 Nxf6 10.Nf3 Bd6 11.O-O O-O 12.Bf4 Bxf4 13.Nxf4 Ng4 14.Ne2 e5 15.
Nxe5 Ncxe5 16.dxe5 Nxe5 17.Nd4 Qg5 18.g3 Rf4 19.Be2 Bh3 20.Qd2 Raf8 21.Nf3
Nxf3+ 22.Bxf3 d4 23.Kh1 R4f5 24.Qxg5 Rxg5 25.Bg2 Bxg2+ 26.Kxg2 Rc5 27.Rac1
Rfc8 28.Rxc5 Rxc5 29.Rd1 Rc2 30.b3 Rxa2 31.Rxd4 h6 32.Rd7 b5 33.Rb7 a6 34.
h4 Ra3 35.b4 Ra4 36.Ra7 Rxb4 37.Rxa6 Rb2 38.Ra7 b4 39.Rb7 b3 40.h5 Rb1 
1/2-1/2

[Event "ASLK master tournament"]
[Site "Leuven"]
[Date "1998.02.22"]
[Round "3"]
[White "Lane, Gary William"]
[Black "Åkesson, Ralf"]
[Result "0-1"]
[WhiteElo "2400"]
[BlackElo "2505"]
[WhiteTitle "IM"]
[BlackTitle "GM"]
[Source "ChessBase"]
[EventDate "1998.02.20"]

1.e4 c5 2.Nf3 d6 3.d4 cxd4 4.Nxd4 Nf6 5.Nc3 a6 6.f4 e5 7.Nf3 Nbd7 8.a4 Be7
9.Bc4 O-O 10.O-O exf4 11.Bxf4 Qb6+ 12.Qd4 d5 13.Qxb6 Nxb6 14.Bxd5 Nbxd5 
15.exd5 Bb4 16.d6 Rd8 17.Rfd1 Bf5 18.Nd4 Bg6 19.Nde2 Rd7 20.Kf1 Rad8 21.
Nd5 Nxd5 22.Rxd5 Bxc2 23.Rd4 Bxd6 24.Rc1 Bxf4 25.Rxd7 Rxd7 26.Nxf4 Rd1+ 
27.Rxd1 Bxd1 28.a5 Kf8 29.Ke1 Ba4 30.Kd2 Ke7 31.Ke3 Bc6 32.g3 g5 33.Nd3 
Kd6 34.Kd4 f6 35.Nc5 f5 36.Nd3 Bd5 37.b4 Bc6 38.h4 f4 39.gxf4 gxh4 40.Nf2 
Bg2 41.Ng4 h5 0-1

[Event "ASLK master tournament"]
[Site "Leuven"]
[Date "1998.02.22"]
[Round "3"]
[White "Vanderwaeren, Serge"]
[Black "Meessen, Rudolf"]
[Result "1/2-1/2"]
[WhiteElo "2320"]
[BlackElo "2310"]
[WhiteTitle "FM"]
[Source "ChessBase"]
[EventDate "1998.02.20"]

1.Nf3 e6 2.g3 f5 3.Bg2 Nf6 4.O-O d5 5.c4 c6 6.b3 a5 7.Nc3 Bd6 8.d4 O-O 9.
Na4 Nbd7 10.Nb2 b6 11.Nd3 Ba6 12.Qc2 Rc8 13.Bf4 Bxf4 14.Nxf4 Qe7 15.Ng5 e5
16.dxe5 Qxe5 17.Nf3 Qe4 18.Qc3 dxc4 19.Rac1 Nd5 20.Nxd5 cxd5 21.Ng5 Qe7 
22.Bxd5+ Kh8 23.h4 Nf6 24.Bxc4 f4 25.Qd4 Bxc4 26.Rxc4 fxg3 27.fxg3 Rce8 
28.Qxb6 Qxe2 29.Qf2 h6 30.Nh3 Qxf2+ 31.Rxf2 Re1+ 32.Kg2 Rfe8 33.Nf4 Kh7 
34.Nd3 Rd1 35.Nb2 Rd5 36.Na4 Re3 37.Rc3 Re1 38.Rcc2 Rdd1 39.Nb2 Rg1+ 40.
Kf3 Rd5 41.Rc4 Nd7 42.Re4 Nf6 43.Rc4 Nd7 1/2-1/2

[Event "ASLK master tournament"]
[Site "Leuven"]
[Date "1998.02.23"]
[Round "4"]
[White "Claesen, Pieter"]
[Black "Bunzmann, Dimitrij"]
[Result "0-1"]
[WhiteElo "2430"]
[BlackElo "2390"]
[WhiteTitle "IM"]
[Source "ChessBase"]
[EventDate "1998.02.20"]

1.e4 c5 2.Nc3 Nc6 3.g3 g6 4.Bg2 Bg7 5.d3 Rb8 6.Be3 d6 7.f4 b5 8.e5 Nd4 9.
Nf3 Bg4 10.O-O dxe5 11.fxe5 Bxf3 12.Bxf3 Bxe5 13.Kh1 f5 14.Bxd4 cxd4 15.
Bc6+ Kf8 16.Ne4 Nf6 17.Nxf6 Bxf6 18.g4 Rb6 19.Bg2 e6 20.Qf3 Kg7 21.Rae1 
Qd6 22.Re2 Rf8 23.Rfe1 Bh4 24.Rf1 Bd8 25.gxf5 exf5 26.Qd5 Qxd5 27.Bxd5 Rd6
28.Bb3 h5 29.Kg2 Bg5 30.Re5 a6 31.a4 bxa4 32.Bxa4 Rb8 33.Bb3 Kf6 34.Rc5 
Re8 35.Bc4 Bh4 36.Rc7 Re2+ 37.Kf3 Rxh2 38.Rf7+ Kg5 39.c3 Rxb2 40.cxd4 Rxd4
41.Ke3 Rg4 42.d4 Be1 43.Rf3 Re4+ 0-1

[Event "ASLK master tournament"]
[Site "Leuven"]
[Date "1998.02.23"]
[Round "4"]
[White "Meessen, Rudolf"]
[Black "Ahn, Martin"]
[Result "1/2-1/2"]
[WhiteElo "2310"]
[BlackElo "2310"]
[BlackTitle "FM"]
[Source "ChessBase"]
[EventDate "1998.02.20"]

1.d4 Nf6 2.c4 g6 3.Nc3 Bg7 4.e4 d6 5.f3 O-O 6.Be3 Nbd7 7.Nge2 c5 8.d5 Ne5 
9.Ng3 h5 10.Be2 h4 11.Nf1 e6 12.f4 Neg4 13.Bxg4 Nxg4 14.Qxg4 exd5 15.f5 d4
16.Nd5 dxe3 17.Nfxe3 Qa5+ 18.b4 Qd8 19.O-O Bd4 20.Rad1 Bd7 21.Kh1 Rc8 22.
b5 Be5 23.Qf3 Qg5 24.Rd3 Kg7 25.Ra3 Ra8 26.Nc7 Rac8 27.Ncd5 h3 28.f6+ Kh7 
29.gxh3 a6 30.b6 Bc6 31.Rd3 Bd7 32.Ne7 Rcd8 33.N3d5 Be6 34.Qf2 Bd4 35.Qf4 
Qh6 36.Qg3 Be5 37.Qg2 Rd7 38.Rdf3 Qh4 39.Re3 Re8 40.Re2 Bd4 41.Nf5 Bxf5 
42.exf5 Rxe2 43.Qxe2 g5 44.Qg4 Rd8 45.Qxh4+ gxh4 46.Rf4 Kh6 47.Re4 Be5 48.
Rg4 Bd4 49.Re4 Be5 50.Kg2 Rg8+ 51.Kf3 Kh5 52.Rg4 Rxg4 53.hxg4+ Kg5 54.h3 
Bb2 55.a4 Be5 56.Ke4 Bb2 57.Kf3 Be5 58.Ke4 Bb2 59.a5 Bc1 60.Kd3 Ba3 61.Kc2
Kh6 62.Nc7 Bb4 63.Ne8 Bxa5 64.Nxd6 Kg5 65.Ne4+ Kf4 66.Nxc5 Bxb6 67.Nxb7 
Ke5 68.Kd3 Kxf6 69.Ke4 a5 70.c5 Bc7 71.Nd6 a4 72.Kd4 a3 73.Kc3 Ba5+ 74.Kb3
Bb4 75.Ne4+ Ke5 76.c6 Ba5 1/2-1/2

[Event "ASLK master tournament"]
[Site "Leuven"]
[Date "1998.02.23"]
[Round "4"]
[White "Schebler, Gerhard"]
[Black "Geenen, Marc"]
[Result "1/2-1/2"]
[WhiteElo "2450"]
[BlackElo "2325"]
[WhiteTitle "IM"]
[BlackTitle "FM"]
[Source "ChessBase"]
[EventDate "1998.02.20"]

1.Nf3 Nc6 2.d4 d5 3.c4 Bg4 4.Nc3 e6 5.Bg5 f6 6.cxd5 exd5 7.Bf4 g5 8.Bg3 
Nh6 9.e3 Nf5 10.Qb3 Bb4 11.Bb5 Qd7 12.Rc1 h5 13.Bxc6 Bxc3+ 14.Qxc3 bxc6 
15.h4 Bxf3 16.gxf3 Rb8 17.hxg5 fxg5 18.Qxc6 Qxc6 19.Rxc6 Rxb2 20.O-O Nxg3 
21.fxg3 Rxa2 22.Rxc7 O-O 23.Re7 Rc8 24.Rb1 g4 25.f4 a5 26.Re5 a4 27.Rg5+ 
Kf7 28.Rxd5 1/2-1/2

[Event "ASLK master tournament"]
[Site "Leuven"]
[Date "1998.02.23"]
[Round "4"]
[White "Vanderwaeren, Serge"]
[Black "Lane, Gary William"]
[Result "1/2-1/2"]
[WhiteElo "2320"]
[BlackElo "2400"]
[WhiteTitle "FM"]
[BlackTitle "IM"]
[Source "ChessBase"]
[EventDate "1998.02.20"]

1.Nf3 Nf6 2.g3 g6 3.b4 Bg7 4.Bb2 d5 5.Bg2 O-O 6.O-O c6 7.Na3 Qd6 8.b5 Nbd7
9.c4 e5 10.d3 a6 11.bxc6 bxc6 12.cxd5 cxd5 13.Nc2 Re8 14.Ba3 Qc7 15.Qd2 
Ng4 16.e4 Bb7 17.exd5 Bxd5 18.h3 Bh6 19.Qd1 Ngf6 20.Re1 Rac8 21.Ne3 Be6 
22.Qa4 Qc3 23.Nc4 Bxc4 24.dxc4 e4 25.Bb4 Qxc4 26.Bf1 Qc7 27.Ba5 Qa7 28.Qd4
Qxd4 29.Nxd4 e3 30.Kg2 exf2 31.Kxf2 Ne4+ 32.Kf3 Nec5 33.Bb4 Bg7 34.Rad1 h6
35.h4 Be5 36.Bxc5 Nxc5 37.Nb3 Nxb3 38.axb3 a5 39.Bc4 Re7 40.Rd5 Rce8 41.
Rxa5 Bd4 1/2-1/2

[Event "ASLK master tournament"]
[Site "Leuven"]
[Date "1998.02.24"]
[Round "5"]
[White "Ahn, Martin"]
[Black "Claesen, Pieter"]
[Result "1/2-1/2"]
[WhiteElo "2310"]
[BlackElo "2430"]
[WhiteTitle "FM"]
[BlackTitle "IM"]
[Source "ChessBase"]
[EventDate "1998.02.20"]

1.e4 e6 2.Nf3 d5 3.Nc3 Nf6 4.exd5 exd5 5.d4 Bb4 6.Bd3 Qe7+ 7.Ne5 Nc6 8.Bb5
Bxc3+ 9.bxc3 Nd7 10.O-O Ncxe5 11.dxe5 O-O 12.Re1 Nxe5 13.Bf4 Qc5 14.Rxe5 
Qxb5 15.Rxd5 Qc4 16.Qd4 Qxd4 1/2-1/2

[Event "ASLK master tournament"]
[Site "Leuven"]
[Date "1998.02.24"]
[Round "5"]
[White "Bunzmann, Dimitrij"]
[Black "Schebler, Gerhard"]
[Result "1/2-1/2"]
[WhiteElo "2390"]
[BlackElo "2450"]
[BlackTitle "IM"]
[Source "ChessBase"]
[EventDate "1998.02.20"]

1.c4 g6 2.g3 c5 3.Bg2 Bg7 4.Nf3 Nc6 5.O-O e6 6.Nc3 Nge7 7.e3 Nf5 8.a3 d5 
9.cxd5 exd5 10.Rb1 O-O 11.b4 d4 12.Na4 c4 13.b5 Na5 14.Bb2 c3 15.dxc3 dxe3
16.Qxd8 Rxd8 17.Rfe1 Nc4 18.Bc1 Bf8 19.fxe3 Bxa3 20.e4 Bxc1 21.Rbxc1 Nfe3 
22.Nd4 a6 23.b6 Re8 24.Bf3 Re5 25.Nb3 Bh3 26.Nbc5 Rb8 27.Re2 Re7 28.Nd3 
Rd8 29.Nf2 Bd7 30.Nc5 Bc6 31.Rce1 a5 32.Rxe3 Nxe3 33.Rxe3 f5 34.Re2 Rde8 
35.Bg2 a4 36.c4 Kg7 37.e5 Bxg2 38.Kxg2 Rxe5 39.Rxe5 Rxe5 40.Nxa4 Ra5 41.
Nb2 Kf6 42.Nbd3 Ke6 43.Kf3 Ra3 44.Ke3 Rb3 45.c5 Kd5 46.Nd1 g5 47.Kd2 Rxd3+
48.Kxd3 Kxc5 49.Ne3 f4 50.gxf4 gxf4 51.Nc4 f3 52.Nd2 f2 53.Ne4+ Kxb6 54.
Nxf2 Kc5 55.Ne4+ Kd5 56.Nf6+ Ke5 57.Nxh7 Kf5 58.h3 Kf4 1/2-1/2

[Event "ASLK master tournament"]
[Site "Leuven"]
[Date "1998.02.24"]
[Round "5"]
[White "Lane, Gary William"]
[Black "Meessen, Rudolf"]
[Result "0-1"]
[WhiteElo "2400"]
[BlackElo "2310"]
[WhiteTitle "IM"]
[Source "ChessBase"]
[EventDate "1998.02.20"]

1.e4 e6 2.d4 d5 3.Nd2 Nf6 4.e5 Nfd7 5.c3 c5 6.f4 Nc6 7.Ndf3 Qb6 8.h4 cxd4 
9.cxd4 Be7 10.h5 f6 11.Bd3 O-O 12.a3 fxe5 13.fxe5 Nxd4 14.Nxd4 Nxe5 15.Bb1
Bd7 16.Nge2 Rac8 17.Bf4 Ng4 18.Qd3 Rxf4 19.Nxf4 Rc1+ 20.Kd2 Rxh1 21.Qxh7+ 
Kf8 22.Qh8+ Kf7 23.Bg6+ Kf6 24.Rxh1 Qxd4+ 25.Nd3 Bb5 26.Qg8 Qe3+ 27.Kc2 
Qe2+ 28.Kc3 Bxd3 29.Bxd3 d4+ 30.Kxd4 Qxb2+ 31.Ke4 Qxg2+ 32.Kd4 Qxh1 33.Qe8
Ne5 0-1

[Event "ASLK master tournament"]
[Site "Leuven"]
[Date "1998.02.24"]
[Round "5"]
[White "van Haastert, Edwin"]
[Black "Vanderwaeren, Serge"]
[Result "1-0"]
[WhiteElo "2335"]
[BlackElo "2320"]
[WhiteTitle "FM"]
[BlackTitle "FM"]
[Source "ChessBase"]
[EventDate "1998.02.20"]

1.e4 e6 2.d4 b6 3.Bd3 Bb7 4.Nf3 c5 5.Nc3 cxd4 6.Nxd4 Nc6 7.Nxc6 Bxc6 8.Qe2
Bc5 9.Bd2 Ne7 10.O-O-O O-O 11.f4 d5 12.e5 d4 13.Ne4 Qd5 14.Kb1 Ng6 15.h4 
f5 16.exf6 gxf6 17.h5 Ne7 18.b4 Rab8 19.Ka1 Bd6 20.c4 dxc3 21.Bxc3 Bc7 22.
Nxf6+ Rxf6 23.Bxf6 Kf7 24.Bg6+ Kxf6 25.Rxd5 Nxd5 26.Qb2+ Ke7 27.Qg7+ Kd6 
28.Be4 1-0

[Event "ASLK master tournament"]
[Site "Leuven"]
[Date "1998.02.25"]
[Round "6"]
[White "Åkesson, Ralf"]
[Black "Bunzmann, Dimitrij"]
[Result "1/2-1/2"]
[WhiteElo "2505"]
[BlackElo "2390"]
[WhiteTitle "GM"]
[Source "ChessBase"]
[EventDate "1998.02.20"]

1.d4 e6 2.c4 Nf6 3.Nc3 Bb4 4.Qc2 c5 5.dxc5 O-O 6.a3 Bxc5 7.Nf3 b6 8.Bf4 
Bb7 9.Rd1 Nc6 10.e3 Nh5 11.Bg5 Be7 12.Bxe7 Nxe7 13.Be2 Ng6 14.O-O Qe7 15.
Rd2 Nf6 16.Rfd1 Rfd8 17.e4 Rac8 18.Qb1 d5 19.exd5 exd5 20.Nxd5 1/2-1/2

[Event "ASLK master tournament"]
[Site "Leuven"]
[Date "1998.02.25"]
[Round "6"]
[White "Lane, Gary William"]
[Black "van Haastert, Edwin"]
[Result "1/2-1/2"]
[WhiteElo "2400"]
[BlackElo "2335"]
[WhiteTitle "IM"]
[BlackTitle "FM"]
[Source "ChessBase"]
[EventDate "1998.02.20"]

1.e4 c5 2.Nf3 d6 3.d4 cxd4 4.Nxd4 Nf6 5.Nc3 g6 6.Bc4 Bg7 7.O-O O-O 8.Re1 
Nc6 9.h3 Nxd4 10.Qxd4 a6 11.Bg5 b5 12.Bb3 h6 13.Bh4 g5 14.Bg3 Nh5 15.Qd3 
Nxg3 16.Qxg3 e6 17.Rad1 Be5 18.Qf3 Kg7 19.Ne2 Qf6 20.Qe3 Bb7 21.c3 Kh8 22.
Nd4 Rad8 23.Nf3 Bf4 24.Qb6 Rb8 25.Qd4 Kg7 26.g3 Be5 27.Qe3 Rfd8 28.Re2 Qe7
29.Nh2 Kh8 30.Ng4 Bg7 31.Red2 Rd7 32.e5 Rbd8 33.Qd3 h5 34.exd6 Rxd6 35.
Qxd6 Rxd6 36.Rxd6 Bd5 37.Rxa6 Bxb3 38.axb3 hxg4 39.hxg4 b4 40.Rad6 Be5 41.
Rd7 Qf6 42.cxb4 Bxb2 43.b5 Ba3 44.Rc7 e5 45.Rdd7 Kg8 46.b6 Qxb6 47.Rxf7 
Bf8 48.Rb7 Qc6 49.Rfc7 Qf3 50.Rb8 Qd1+ 51.Kg2 Qd5+ 52.Kg1 Qd1+ 1/2-1/2

[Event "ASLK master tournament"]
[Site "Leuven"]
[Date "1998.02.25"]
[Round "6"]
[White "Meessen, Rudolf"]
[Black "Claesen, Pieter"]
[Result "1/2-1/2"]
[WhiteElo "2310"]
[BlackElo "2430"]
[BlackTitle "IM"]
[Source "ChessBase"]
[EventDate "1998.02.20"]

1.Nf3 Nf6 2.g3 c5 3.Bg2 Nc6 4.O-O g6 5.c3 d5 6.d3 Bg7 7.Qa4 Bd7 8.e4 dxe4 
9.dxe4 O-O 10.Qc2 Qc8 11.Nbd2 Bh3 12.Re1 Bxg2 13.Kxg2 Rd8 14.Nf1 1/2-1/2

[Event "ASLK master tournament"]
[Site "Leuven"]
[Date "1998.02.25"]
[Round "6"]
[White "Schebler, Gerhard"]
[Black "Ahn, Martin"]
[Result "1-0"]
[WhiteElo "2450"]
[BlackElo "2310"]
[WhiteTitle "IM"]
[BlackTitle "FM"]
[Source "ChessBase"]
[EventDate "1998.02.20"]

1.Nf3 Nf6 2.g3 g6 3.b3 c5 4.Bg2 Bg7 5.Bb2 d5 6.c4 d4 7.b4 Nc6 8.bxc5 Nd7 
9.O-O Nxc5 10.d3 O-O 11.Nbd2 Re8 12.Ba3 Qa5 13.Bxc5 Qxc5 14.Qa4 Qb4 15.
Qxb4 Nxb4 16.a3 Nc6 17.Rfb1 Rb8 18.Ne1 Bd7 19.Nc2 f5 20.Nb3 b6 21.Nb4 Rbc8
22.Ra2 Nb8 23.a4 e6 24.Nc2 e5 25.Bd5+ Kh8 26.a5 b5 27.Na3 bxc4 28.Nxc4 Bf8
29.Kf1 Bc6 30.Bxc6 Nxc6 31.Nbd2 Rb8 32.Rab2 Rxb2 33.Rxb2 Bb4 34.Nf3 Bxa5 
35.Rb7 Bd8 36.Nd6 Rf8 37.Nf7+ Kg8 38.N7xe5 Nxe5 39.Nxe5 Bb6 40.Nd7 Rf7 41.
Rb8+ Kg7 42.Nxb6 axb6 43.Rd8 f4 44.Rxd4 f3 45.exf3 Rxf3 46.Rd7+ Rf7 47.
Rxf7+ Kxf7 48.d4 Ke6 49.Ke2 h5 50.Kd3 b5 51.f4 Kd5 52.h3 b4 53.g4 hxg4 54.
hxg4 b3 55.f5 1-0

[Event "ASLK master tournament"]
[Site "Leuven"]
[Date "1998.02.25"]
[Round "6"]
[White "Vanderwaeren, Serge"]
[Black "Geenen, Marc"]
[Result "1/2-1/2"]
[WhiteElo "2320"]
[BlackElo "2325"]
[WhiteTitle "FM"]
[BlackTitle "FM"]
[Source "ChessBase"]
[EventDate "1998.02.20"]

1.Nf3 Nc6 2.c4 e5 3.Nc3 Nf6 4.a3 d5 5.d4 exd4 6.Nxd4 Nxd4 7.Qxd4 Be6 8.
cxd5 Nxd5 9.e4 Nb6 10.Qxd8+ Rxd8 11.Nb5 Bd6 12.Nxd6+ Rxd6 13.Bf4 Rd4 14.f3
Nc4 15.b3 Nb2 16.Bxc7 Bxb3 17.Bb5+ Ke7 18.Be5 1/2-1/2

[Event "ASLK master tournament"]
[Site "Leuven"]
[Date "1998.02.26"]
[Round "7"]
[White "Ahn, Martin"]
[Black "Åkesson, Ralf"]
[Result "1/2-1/2"]
[WhiteElo "2310"]
[BlackElo "2505"]
[WhiteTitle "FM"]
[BlackTitle "GM"]
[Source "ChessBase"]
[EventDate "1998.02.20"]

1.e4 c5 2.Nf3 e6 3.Nc3 a6 4.g3 d6 5.d4 cxd4 6.Nxd4 Nf6 7.Bg2 Be7 8.O-O Qc7
9.g4 h6 10.f4 Nc6 11.Nb3 b5 12.a3 Bb7 13.Qe2 Rc8 14.Be3 Na5 15.g5 hxg5 16.
fxg5 Nd7 17.g6 fxg6 18.Nxa5 Qxa5 19.Qg4 Nf8 20.Bd4 Qc7 21.Bxg7 Qc5+ 22.Kh1
Qh5 23.Rxf8+ Rxf8 24.Qxe6 Rf2 25.Nd5 Qg5 26.Qg8+ Kd7 27.Bh3+ Kc6 28.Qe6 
Rd8 29.Qxe7 Qxe7 30.Nxe7+ Kc7 31.Nd5+ Kb8 32.Rf1 Rxc2 33.Kg1 Re8 34.Bg2 a5
35.Bc3 b4 36.axb4 a4 37.Nf6 Rc8 38.Nd7+ Ka7 39.Bd4+ Ka6 40.Re1 Bc6 41.Bf1+
Bb5 42.Rd1 Rc1 43.Bxb5+ Kxb5 44.Rxc1 Rxc1+ 45.Kf2 Rc2+ 46.Ke3 1/2-1/2

[Event "ASLK master tournament"]
[Site "Leuven"]
[Date "1998.02.26"]
[Round "7"]
[White "Bunzmann, Dimitrij"]
[Black "Vanderwaeren, Serge"]
[Result "1-0"]
[WhiteElo "2390"]
[BlackElo "2320"]
[BlackTitle "FM"]
[Source "ChessBase"]
[EventDate "1998.02.20"]

1.d4 Nf6 2.Nf3 d5 3.c4 c6 4.e3 Bg4 5.Qb3 Qb6 6.Ne5 e6 7.c5 Qc7 8.Nxg4 Nxg4
9.Be2 Nf6 10.Qc2 Nbd7 11.Nc3 Be7 12.Bd2 e5 13.b4 a6 14.a4 Nf8 15.O-O Ne6 
16.Qd3 h5 17.f4 e4 18.Qb1 g5 19.f5 Nf8 20.b5 N8d7 21.bxc6 bxc6 22.a5 Kf8 
23.Na4 Kg7 24.Nb6 Ng4 25.Bxg4 hxg4 26.g3 Rab8 27.Qd1 Nf6 28.Rf2 Rh3 29.Rg2
Qb7 30.Be1 Rhh8 31.Rb2 Qa7 32.Rab1 Rhd8 33.Qe2 Kf8 34.Na4 Rb5 35.Nc3 Ra8 
36.Nxb5 axb5 37.Ra2 Qa6 38.h3 gxh3 39.g4 Ke8 40.Bg3 Kd7 41.Be5 Rh8 42.Bxf6
Bxf6 43.Qh2 Be7 44.f6 Bf8 45.Qe5 h2+ 46.Kh1 Rh3 47.Qxg5 Rf3 48.Qg8 Ke8 49.
Rxh2 Rxf6 50.Rh8 1-0

[Event "ASLK master tournament"]
[Site "Leuven"]
[Date "1998.02.26"]
[Round "7"]
[White "Geenen, Marc"]
[Black "Lane, Gary William"]
[Result "0-1"]
[WhiteElo "2325"]
[BlackElo "2400"]
[WhiteTitle "FM"]
[BlackTitle "IM"]
[Source "ChessBase"]
[EventDate "1998.02.20"]

1.e4 e5 2.Nf3 Nc6 3.d4 exd4 4.Nxd4 Nf6 5.Nxc6 bxc6 6.e5 Qe7 7.Qe2 Nd5 8.c4
Nb6 9.Nc3 a5 10.Qe4 g6 11.Bd3 Bg7 12.O-O O-O 13.f4 Ba6 14.Rf2 f5 15.exf6 
Qxf6 16.Qe2 Rae8 17.Be3 Qf7 18.c5 Bd4 19.Bxd4 Rxe2 20.Bxe2 Bxe2 21.cxb6 
Ba6 22.bxc7 Qe7 23.Rd1 d6 24.Bb6 Re8 25.Rf3 Qd7 26.Bxa5 d5 27.Rf2 Qe7 28.
h3 Qc5 29.b4 Qxc3 30.Kh2 Bc8 31.Rdf1 d4 32.Rf3 Re3 0-1

[Event "ASLK master tournament"]
[Site "Leuven"]
[Date "1998.02.26"]
[Round "7"]
[White "van Haastert, Edwin"]
[Black "Meessen, Rudolf"]
[Result "1-0"]
[WhiteElo "2335"]
[BlackElo "2310"]
[WhiteTitle "FM"]
[Source "ChessBase"]
[EventDate "1998.02.20"]

1.e4 e6 2.d4 d5 3.e5 c5 4.c3 Qb6 5.Nf3 Nc6 6.a3 Nh6 7.Bd3 cxd4 8.cxd4 Bd7 
9.Bc2 f6 10.Bxh6 gxh6 11.O-O fxe5 12.dxe5 Bg7 13.Nc3 O-O-O 14.Re1 Kb8 15.
b4 Bc8 16.Rc1 Rdf8 17.Na4 Qd8 18.Nc5 Rf4 19.Ba4 Rhf8 20.Bxc6 bxc6 21.Nd4 
Qb6 22.Re2 Ka8 23.g3 R4f7 24.Ncxe6 Bxe6 25.Rxc6 Qxc6 26.Nxc6 Bg4 27.f4 Rc8
28.b5 Bf8 29.e6 Rb7 30.a4 d4 31.Qd2 Bc5 32.Re5 Bd6 33.Rd5 Bc7 34.f5 Bf3 
35.Rd7 Bxc6 36.bxc6 Rb1+ 37.Kg2 Bd8 38.e7 1-0